000 00939nam a2200265 a 4500
999 _c12148
_d12148
001 12148
003 BD-JhCC
005 20210321102935.0
008 210321b20122017bg a|||| ||a| 000 0 mul d
020 _a9789848933961
035 _a(BD-JhCC)12148
040 _aBD-JhCC
_dBD-JhCC
041 _amul
082 _a005.133
_bRAH 2017
100 _aরহমান, মোঃ মিজানুর
245 _aপিএইচপি অ্যান্ড মাইএসকিউএল /
_cমোঃ মিজানুর রহমান
260 _aঢাকা:
_bজ্ঞানকোষ প্রকাশনী;
_c২০১৭.
300 _a৫৮২ পৃ. :
_bচিত্রাবলী;
_c২৪ সে.মি.
650 _aPHP (Computer program language)
650 _aMySQL (Electronic resource)
650 _aOpen source software
650 _aInternet programming
942 _2ddc
_cBK